Measurement evaluation and assessment in education (Record no. 10013)

MARC details
000 -LEADER
fixed length control field 00507cam a2200205ua 4500
001 - CONTROL NUMBER
control field 11160
005 - DATE AND TIME OF LATEST TRANSACTION
control field 20260515114719.0
008 - FIXED-LENGTH DATA ELEMENTS--GENERAL INFORMATION
fixed length control field 190831n ii |||gr||||Z||||||eng
020 ## - INTERNATIONAL STANDARD BOOK NUMBER
International Standard Book Number 9789383181582
040 ## - CATALOGING SOURCE
Transcribing agency MAIN
041 ## - LANGUAGE CODE
Language code of text/sound track or separate title eng
082 ## - DEWEY DECIMAL CLASSIFICATION NUMBER
Classification number 150
100 ## - MAIN ENTRY--PERSONAL NAME
Personal name G D Pant,
Relator term Author.
245 ## - TITLE STATEMENT
Title Measurement evaluation and assessment in education
Statement of responsibility, etc. By G D Pant
250 ## - EDITION STATEMENT
Edition statement 1st ed.
260 ## - PUBLICATION, DISTRIBUTION, ETC.
Place of publication, distribution, etc. New Delhi:
Name of publisher, distributor, etc. Global publications,
Date of publication, distribution, etc. 2017.
300 ## - PHYSICAL DESCRIPTION
Extent 278p.
653 ## - INDEX TERM--UNCONTROLLED
Uncontrolled term Psychology
942 ## - ADDED ENTRY ELEMENTS (KOHA)
Koha item type Books
Holdings
Withdrawn status Lost status Damaged status Not for loan Home library Current library Shelving location Date acquired Total checkouts Full call number Barcode Date last seen Date last checked out Copy number Price effective from Koha item type
        Naharkatiya College Library Naharkatiya College Library General stacks 09/19/2020 1 150 | PAN 27454 12/07/2021 11/13/2021 1 09/19/2020 Books